000 00305nam a22001337a 4500
008 180924b xxu||||| |||| 00| 0 eng d
020 _a9780323074292
041 _aeng
080 _210 ED
_a618
100 _a10
101 _aGJI
245 _aMaternity Women Health Care
_cPerry.L
942 _2udc
_cBK
999 _c48333
_d48333